20 of TV's Best Married Match-Ups Quiz Stats

 Plays Quiz Updated Dec 7, 2013

Support Sporcle.
Go Orange.
Score 0/20 Timer 05:00
8 Plays Today
% Correct
Homer
97.4%
Chandler
96.2%
Fred
95.9%
Gomez
90.2%
Ricky
86.2%
Peter
82.3%
Niles
80.4%
Al
80.4%
Cliff
80.1%
Mike
76.5%
% Correct
Archie
73.2%
Tony
72.3%
Jim
69.4%
Ralph
62.7%
Walter
59.9%
Paul
59.9%
Don
56.7%
Basil
48%
Tobias
46.2%
Rick
40.8%

You're not logged in!

Compare scores with friends on all Sporcle quizzes.
OR
Log In

From the Vault

Climb Quiz Mountain II

by bhenderson79

Quiz Mountain is a bit like Splash Mountain, just a little less soggy.
Remove Ads.
Support Sporcle.
Get the best of Sporcle when you Go Orange. This ad-free experience offers more features, more stats, and more fun while also helping to support Sporcle. Thank you for becoming a member.

Show Comments

Extras

Top Quizzes Today


Score Distribution

Your Account Isn't Verified!

In order to create a playlist on Sporcle, you need to verify the email address you used during registration. Go to your Sporcle Settings to finish the process.

Report this User

Report this user for behavior that violates our Community Guidelines.

Details: